| 000 | 00768 a2200241 4500 | ||
|---|---|---|---|
| 003 | CBULib | ||
| 005 | 20250304082723.0 | ||
| 008 | 241203b |||||||| |||| 00| 0 eng d | ||
| 020 | _a9780300247411 | ||
| 040 |
_bEnglish _cCBULib _erda |
||
| 050 | _aPH 3351.S362 A8513 | ||
| 100 | _aSchein, Gabor | ||
| 245 |
_aAutobiographies of an angel _c/ by Gabor Schein |
||
| 260 |
_bYale University Press, _c2022 _aNew Haven : |
||
| 300 | _a214 pages | ||
| 336 |
_2rdacontent _aText | _btxt |
||
| 337 |
_2rdamedia _aUnmediated | _bn |
||
| 338 |
_2rdacarrier _aVolume _bnc |
||
| 650 | 0 |
_94075 _aFiction HOLOCAUST, JEWISH (1939 - 1945) FICTION |
|
| 650 | 0 |
_94076 _aNETHERLANDS HAGUE |
|
| 650 | 0 |
_94077 _aHAGUE (NETHERLANDS) - HISTORY - 18TH CENTURY HUNAGARY |
|
| 942 |
_2lcc _c002 |
||
| 999 |
_c85811 _d85811 |
||